| 000 | 00445pam a2200169 4500 | ||
|---|---|---|---|
| 020 |
_a0080180086 _a0080180078 (pbk.) |
||
| 040 | _cDLC | ||
| 082 | 0 | 0 | _a333 PER 1975 A079 Or. |
| 100 | 1 | _aDouglass, Robert W. | |
| 245 | 1 | 0 | _aForest recreation |
| 250 | _a2d ed. | ||
| 260 |
_aNew York, _bPergamon Press _c[1975] |
||
| 300 |
_ax, 336 p. _billus. _c24 cm. |
||
| 490 | 0 | _aPergamon international library | |
| 650 | 0 | _aOutdoor recreation | |
| 942 | _cEK | ||
| 999 |
_c15699 _d15699 |
||